The Psychobiology Of Transcendental Meditation A literature Review (Record no. 41238)

000 -LEADER
fixed length control field 00441nam a2200145Ia 4500
008 - FIXED-LENGTH DATA ELEMENTS--GENERAL INFORMATION
fixed length control field 230211s9999||||xx |||||||||||||| ||und||
020 ## - INTERNATIONAL STANDARD BOOK NUMBER
International Standard Book Number 805352058
082 ## - DEWEY DECIMAL CLASSIFICATION NUMBER
Classification number 242
Item number KAN/T
100 ## - MAIN ENTRY--PERSONAL NAME
Personal name Kanellakos, Demetri P.
245 #4 - TITLE STATEMENT
Title The Psychobiology Of Transcendental Meditation A literature Review
250 ## - EDITION STATEMENT
Edition statement Ist Edition
260 ## - PUBLICATION, DISTRIBUTION, ETC.
Place of publication, distribution, etc. United States
Name of publisher, distributor, etc. Library Of Congress Catalogueing In Publication Data
Date of publication, distribution, etc. 1974
300 ## - PHYSICAL DESCRIPTION
Extent 158p
942 ## - ADDED ENTRY ELEMENTS (KOHA)
Koha item type Book
Holdings
Withdrawn status Lost status Damaged status Not for loan Collection code Permanent Location Current Location Date acquired Cost, normal purchase price Full call number Barcode Date last seen Price effective from Koha item type
        School of Consciousness (Noida) MUIT-NOIDA MUIT-NOIDA 2023-02-11 500.00 242 KAN/T SOC00118 2023-02-11 2023-02-11 Book

All Rights Reserved@MUIT

Powered by Koha